Missing Word: Animal Misconceptions Quiz Stats

 Plays Quiz Updated Jan 16, 2017

Support Sporcle.
Go Orange.
Score 0/20 Timer 08:00
0 Plays Today
Misconception Missing Word % Correct
Bulls hate anything that is colored ____.Red
99.1%
Crocodiles ____ very slowly on land.Walk
96.6%
Dogs can only see in black and ____.White
96.6%
Houseflies can only live for a single ____.Day
96.2%
Touching a baby bird will cause its ____ to abandon it.Mother
96%
Camels store ____ in their humps.Water
96%
Due to the size of its body compared to its wings, bumblebees should not be able to ___.Fly
96%
You can't teach an old dog new ____.Tricks
95.9%
Humans descended from ____.Monkeys
95.1%
Cats will die if they ____ poinsettias.Eat
94.4%
Misconception Missing Word % Correct
Lice only infect dirty ____.Hair
94%
Dogs sweat through their ____ when they pant.Mouths
94%
____ use echolocation because they are blind.Bats
91.8%
____ hide their heads in the sand when frightened.Ostriches
89.2%
The daddy long-legs spider is the most ____ in the world, but is safe because its teeth can't penetrate human skin.Venomous
88.9%
Turkeys are so dumb that they ____ when it rains due to looking up.Drown
86.2%
Goldfish can only remember up to three ____ at a time.Seconds
71.2%
Dying ____ leave their herd to seek out a graveyard.Elephants
68.6%
____ often throw themselves off cliffs for no reason.Lemmings
62.8%
A duck's quack can't ____.Echo
53.9%

Today's Daily Dose

You're not logged in!

Compare scores with friends on all Sporcle quizzes.
OR
Log In
Forgot?

From the Vault

Who Am I? Famous People XVII

by DIEGO1000

How famous do you have to be before this becomes a rhetorical question?
Remove Ads.
Support Sporcle.
Get the best of Sporcle when you Go Orange. This ad-free experience offers more features, more stats, and more fun while also helping to support Sporcle. Thank you for becoming a member.

Show Comments

Extras

Top Quizzes Today


Score Distribution

Your Account Isn't Verified!

In order to create a playlist on Sporcle, you need to verify the email address you used during registration. Go to your Sporcle Settings to finish the process.

Report this User

Report this user for behavior that violates our Community Guidelines.

Details: